BIBLIOTECA PODER JUDICIAL
Portal Judicial TDF

El delito de estafa procesal, el divorcio y la necesidad de una excusa absolutoria con perspectiva de género / (Registro nro. 5778)

000 -LEADER
fixed length control field 00971nab a22002057a 4500
003 - CONTROL NUMBER IDENTIFIER
control field OSt
005 - DATE AND TIME OF LATEST TRANSACTION
control field 20260106125617.0
008 - FIXED-LENGTH DATA ELEMENTS--GENERAL INFORMATION
fixed length control field 190514b xxu||||| |||| 00| 0 spa d
040 ## - CATALOGING SOURCE
Transcribing agency PJ
100 ## - MAIN ENTRY--PERSONAL NAME
9 (RLIN) 6689
Personal name Quain, Evelyn V.
245 13 - TITLE STATEMENT
Title El delito de estafa procesal, el divorcio y la necesidad de una excusa absolutoria con perspectiva de género /
Statement of responsibility, etc Evelyn V. Quain.
300 ## - PHYSICAL DESCRIPTION
Extent p. 19-28
505 ## - FORMATTED CONTENTS NOTE
Formatted contents note Sumario: I. Introducción.— II. La estafa procesal en el sistema penal argentino.— III. La complejidad de la sanción penal de la estafa procesal en el marco de los efectos patrimoniales del divorcio.— IV. A modo de conclusión.
505 ## - FORMATTED CONTENTS NOTE
Title Si te interesa el texto, comunicate a koha@justierradelfuego.gov.ar
650 #0 - SUBJECT ADDED ENTRY--TOPICAL TERM
9 (RLIN) 6325
Topical term or geographic name as entry element ESTAFA PROCESAL
650 #0 - SUBJECT ADDED ENTRY--TOPICAL TERM
Topical term or geographic name as entry element DIVORCIO
9 (RLIN) 977
650 #0 - SUBJECT ADDED ENTRY--TOPICAL TERM
Topical term or geographic name as entry element PERSPECTIVA DE GÉNERO
9 (RLIN) 4044
773 0# - HOST ITEM ENTRY
Host Biblionumber 2844
Host Itemnumber 3222
Place, publisher, and date of publication Buenos Aires : AbeledoPerrot, 1989-
Title Derecho de familia. N° 115 - Julio 2024
International Standard Book Number 18511201
942 ## - ADDED ENTRY ELEMENTS (KOHA)
Source of classification or shelving scheme
Koha item type Analítica Artículo de Revista

No hay ítems disponibles.

12 de Octubre 789 Ushuaia - Tel:  54(02901)441571
Horario de Atención: 8.00 a 17.00 hs. 
bibliotecaush@justierradelfuego.gov.ar
koha@justierradelfuego.gov.ar
Seguinos en nuestras redes @bibliojustdf 

Con tecnología Koha